000 00780cam a2200253u 4500
001 33503
003 BD-RjUL
005 20211209052023.0
008 140508s1920 nyu 001 0 eng d
035 _a(BD-RjUL)33594
040 _aDLC
_cCarP
_dBD-RjUL
_beng
041 _aeng
082 _a301.15
_bMCG 1920
100 1 _aMcDougall, William
_d1871- [from old catalog]
_9101672
245 1 4 _aThe group mind :
_ba sketch of the principles of collective psychology /
_cMcDougall, William
260 _aCambridge :
_bUnversity Press,
_c1920.
300 _axvi, 304 p. ;
_c20 cm.
504 _aIncludes index.
650 0 _aSocial psychology.
_9101673
650 0 _aNational characteristics.
_9101674
942 _2ddc
_cBK
999 _c33503
_d33503